<?xml version="1.0" encoding="UTF-8"?>
<marc:record xmlns:marc="http://www.loc.gov/MARC21/slim">
   <marc:leader>00000nam a2200000 a 4500</marc:leader>
   <marc:datafield ind1="0" ind2="0" tag="245">
      <marc:subfield code="a">Paw Patrol: Rex Helfer auf vier Pfoten: Rettung für T-Rex</marc:subfield>
   </marc:datafield>
   <marc:datafield ind1="0" ind2="0" tag="245">
      <marc:subfield code="b">Hörfigur für die Toniebox</marc:subfield>
   </marc:datafield>
   <marc:datafield ind1="1" ind2=" " tag="520">
      <marc:subfield code="a">PAW Patrol: Das sind Chase, Marshall, Rocky, Zuma, Rubble und Skye. Mit ihren speziellen Fähigkeiten und coolen Fahrzeugen schaffen sie es, jede Mission zu bewältigen!&lt;br/&gt;Rex braucht Unterstützung in der Dino-Wildnis: Ein Vulkan bricht aus und eine Dinosaurier-Herde braucht Hilfe. Außerdem lädt Bürgermeister Besserwisser alle zur Eröffnung seiner neuesten Attraktion in der Nachbarstadt ein: Die Besserwisser-Dino-Safari. Und in einem weiteren Abenteuer müssen die Fellfreunde einem T-Rex helfen.&lt;br/&gt;Doch für die PAW Patrol gilt: Kein Einsatz zu groß, keine Pfote zu klein!&lt;br/&gt;&lt;br/&gt;Ab 3 Jahre</marc:subfield>
   </marc:datafield>
   <marc:datafield ind1=" " ind2=" " tag="300">
      <marc:subfield code="e">Hörspiel ab 3 Jahren</marc:subfield>
   </marc:datafield>
</marc:record>
